00663nam a2200193Ia 4500003000900000008004100009020001800050040001600068080001900084245015400103260003600257300001000293650004100303650002600344650002900370700002300399700002300422700002400445IN-BaIIA211028s9999 xx 000 0 eng d a0-8243-0929-4 cIIA Library a(05)52bANN-29 0aAnnual review of earth and planetary sciencescedited by Geoffrey Burbidge, David Layzer and Allan Sandage  aPalo AltobAnnual Reviewsc1991 a707p. aAstronomy and astrophysics thesaurus aAstronomy-Periodicals aAstrophysics-Periodicals aBurbidge, Geoffrey aLayzer, David, ed. aSandage, Allan, ed.